Sports Quiz

Random Sports Quiz

500 Games Played - Pittsburgh Penguins Quiz Stats

 Plays Quiz not verified by Sporcle

Challenge
Share
Tweet
Embed
Score 0/12 Timer 05:00
0 Plays Today
Seasons Player % Correct
1984-2006Mario Lemieux
100%
1990-2001Jaromir Jagr
96.6%
1990-1998Ron Francis
77.2%
1974-1985Rick Kehoe
65.4%
2002-2011Brooks Orpik
65.4%
1968-1978Jean Pronovost
57.8%
1992-2005Martin Straka
56.5%
1983-1993Bob Errey
50.2%
1973-1982Ron Stackhouse
30.8%
1983-1993Troy Loney
26.6%
1969-1977Ron Schock
25.3%
1971-1981Dave Burrows
21.1%

You're not logged in!

Compare scores with friends on all Sporcle quizzes.
OR
Log In

You Might Also Like...

Show Comments

Extras

Created Nov 4, 2011ReportNominate
Tags:500, penguin, pittsburgh, player, season

Top Quizzes Today


Score Distribution

Your Account Isn't Verified!

In order to create a playlist on Sporcle, you need to verify the email address you used during registration. Go to your Sporcle Settings to finish the process.

Report this User

Report this user for behavior that violates our Community Guidelines.

Details: